Strategic IT management : (Record no. 39330)

MARC details
000 -LEADER
fixed length control field 00844nam a22002297a 4500
005 - DATE AND TIME OF LATEST TRANSACTION
control field 20100805100246.0
010 ## - LCCN (DPL NO)
LC control number ENG-98163
020 ## - INTERNATIONAL STANDARD BOOK NUMBER
International Standard Book Number 978812033514
Terms of availability 595.00
035 ## - SYSTEM CONTROL NUMBER
System control number EN-81696
037 ## - SOURCE OF ACQUISITION
Source of stock number/acquisition DBAD/PUB
082 ## - DEWEY DECIMAL CLASSIFICATION NUMBER
Classification number 658.4038
100 ## - MAIN ENTRY--PERSONAL NAME
Personal name Kelkar, S.A.
245 ## - TITLE STATEMENT
Title Strategic IT management :
Remainder of title a concise study /
Statement of responsibility, etc by S.A.Kelkar
260 ## - PUBLICATION, DISTRIBUTION, ETC. (IMPRINT)
Place of publication, distribution, etc New Delhi
Name of publisher, distributor, etc PHI Lerrning
Date of publication, distribution, etc 2010
270 ## - ADDRESS
Address M-97,Connaught Circus
City New Delhi
Postal code 110001
300 x# - PHYSICAL DESCRIPTION
Extent xxi,964p.
Dimensions 23cm (pbk)
650 ## - SUBJECT ADDED ENTRY--TOPICAL TERM
Topical term or geographic name as entry element Information technology -cost effectiveness
650 ## - SUBJECT ADDED ENTRY--TOPICAL TERM
Topical term or geographic name as entry element Information technology -management
650 ## - SUBJECT ADDED ENTRY--TOPICAL TERM
Topical term or geographic name as entry element Strategic planning
942 ## - ADDED ENTRY ELEMENTS (KOHA)
Source of classification or shelving scheme Dewey Decimal Classification
Item type English Books
Classification part 658.4038
Call number suffix KEL
Holdings
Withdrawn status Lost status Not for loan Collection code Home library Current library Date acquired Source of acquisition Cost, normal purchase price Full call number Barcode Copy number Cost, replacement price Koha item type
    Not For Loan Non-fiction D.B.Act.Division D.B.Act.Division 05/08/2010 DBAD/PUB 595.00 658.4038 KEL EN-81696 1 595.00 English Books

© Delhi Public Library
Hit Counter
free hit counter